书目信息 |
| 题名: |
意无止境
|
|
| 作者: | 王芗斋, 著 ;金溪 主编 | |
| 分册: | ||
| 出版信息: | 海口 海南出版社 2021.1 |
|
| 页数: | 22, 268页, 46页图版 | |
| 开本: | 24cm | |
| 丛书名: | ||
| 单 册: | ||
| 中图分类: | G852.14 | |
| 科图分类: | ||
| 主题词: | 意拳--yi quan--研究 | |
| 电子资源: | ||
| ISBN: | 978-7-5730-0237-2 | |
| 000 | 01004nam0 2200277 450 | |
| 001 | 012001000907 | |
| 005 | 20141202093106.0 | |
| 010 | @a978-7-5730-0237-2@dCNY56.00 | |
| 099 | @aCAL 012022000866 | |
| 100 | @a20220905d2021 em y0chiy50 ea | |
| 101 | 0 | @achi |
| 102 | @aCN@b460000 | |
| 105 | @aaf z 000yd | |
| 106 | @ar | |
| 200 | 1 | @a意无止境@Ayi wu zhi jing@f王芗斋著@g金溪主编 |
| 210 | @a海口@c海南出版社@d2021.1 | |
| 215 | @a22, 268页, 46页图版@c图@d24cm | |
| 312 | @a封面题其他题名信息: 站桩研习必读 | |
| 330 | @a本书对芗斋先生的著作进行了整理,并增添了许多珍贵的照片资料。芗斋先生一生把中国武术、气功、中医、康复、养生与保健等知识融为一体,强调了以简而精的“站桩”为主要手段,发展出一种实用简便的“养生桩”。 | |
| 517 | 1 | @a站桩研习必读@Azhan zhuang yan xi bi du |
| 606 | 0 | @a意拳@Ayi quan@x研究 |
| 690 | @aG852.14@v5 | |
| 701 | 0 | @a王芗斋,@Awang xiang zhai@f1885-1963@4著 |
| 702 | 0 | @a金溪@Ajin xi@4主编 |
| 801 | 0 | @aCN@bAHXH@c20221111 |
| 905 | @b1362647-51@dG852.14@e542@f5 | |
| 意无止境/王芗斋著/金溪主编.-海口:海南出版社,2021.1 |
| 22, 268页, 46页图版:图;24cm |
| ISBN 978-7-5730-0237-2:CNY56.00 |
| 本书对芗斋先生的著作进行了整理,并增添了许多珍贵的照片资料。芗斋先生一生把中国武术、气功、中医、康复、养生与保健等知识融为一体,强调了以简而精的“站桩”为主要手段,发展出一种实用简便的“养生桩”。 |
| ● |
| 相关链接 |
|
|
|
|
正题名:意无止境
索取号:G852.14/542
 
预约/预借
| 序号 | 登录号 | 条形码 | 馆藏地/架位号 | 状态 | 备注 |
| 1 | 1362647 | 213626478 | 第一样本阅览室/ [索取号:G852.14/542] | 在馆 | |
| 2 | 1362648 | 213626487 | 教育系资料室/ [索取号:G852.14/542] | 在馆 | |
| 3 | 1362649 | 213626496 | 教育系资料室/ [索取号:G852.14/542] | 在馆 | |
| 4 | 1362650 | 213626502 | 第四借阅区/ [索取号:G852.14/542] | 在馆 | |
| 5 | 1362651 | 213626511 | 第四借阅区/ [索取号:G852.14/542] | 在馆 |